000
00314nam a2200121Ia 4500
005
20251222143209.0
008
251222s9999||||xx |||||||||||||| ||spa||
082
_a
344.01/A44
100
_a
Estudio Caballero Bustamante
245
0
_a
Guía de Jurisprudencia Laboral
264
_b
Caballero Bustamante
942
_c
LIB
999
_c
13356
_d
13356